| 000 | 01050nac a22003137a 4500 | ||
|---|---|---|---|
| 001 | BR8802055 | ||
| 003 | BR-BrBNA | ||
| 005 | 20240105120751.0 | ||
| 008 | 230509b bl.|||m| |||| 00| 0 por d | ||
| 040 |
_aBR-BrBNA _bpor _cBiblioteca Nacional de Agricultura |
||
| 072 | _aF30 | ||
| 090 | _a0150 BR8802055 | ||
| 100 | 1 | _aBarros, L.G. de | |
| 100 | 1 | _aGuimaraes, S.C. | |
| 100 | 1 | _aKaudo, J.E. | |
| 100 | 1 | _aBorges, V.E. | |
| 100 | 1 | _aSilva, M.J. da | |
| 100 | 1 | _aLopes, V.A. | |
| 110 | 1 |
_aEmpresa de Pesquisa Agropecuaria do Estado de Mato Grosso, Cuiaba (Brasil) _94114 |
|
| 245 | 1 | _aIntroducao e avaliacao de cultivares e linhagens de arroz de sequeiro no estado de Mato Grosso | |
| 260 | 3 |
_aCuiaba, MT (Brasil): _c1982. |
|
| 300 | _a12 p. | ||
| 490 |
_aComunicado Tecnico - Empresa de Pesquisa Agropcuaria do Estado de Mato Grosso (Brazil) _vno. 001 _x |
||
| 650 | _aARROZ SEQUEIRO | ||
| 650 | _aCOMPORTAMENTO DE VARIEDADE | ||
| 650 | _aMATO GROSSO | ||
| 909 |
_a202312 _bLúcia Elande _c55 _dLúcia Elande |
||
| 942 |
_2AGRIS _n0 _cMS |
||
| 999 |
_c281282 _d281282 |
||